000 04729nab a2200301 i 4500
003 BR-BrBNA
005 20241016232219.0
008 241016b2016 bl.mr|pooa||| 00| 0 eng |
040 _aBR-BrBNA
_beng
072 _aH10
_b0940
100 _aZart, Marcelo
100 _aSantos, Henrique Pessoa dos
100 _aSouza, Paulo Vitor Dutra de
100 _aSouza, Daniel Antunes
100 _aDenardi, Diana
245 _aStarch, growth, and development in cuttings of rootstock ‘Paulsen 1103’ from plants infested with ground pearl
500 _aPublicação on-line; 21 ref.; Sumaries (En, Pt)
520 _a ABSTRACT - The ground pearl, Eurhizococcus brasiliensis, is considered an important pest of vineyards in southern Brazil, with affected plants exhibiting leaf chlorosis, reduction in vigor, fading, and death. This study evaluated the quality of hardwood cuttings produced from plants infected (I) and not infected (NI) by ground pearl. ‘Paulsen 1103’ (Vitis berlandieri × Vitis rupestris) plants were grown for 29 months in brick-built raised beds either infested or not infested by ground pearl; then, 12 one-year-old branches with a maximum of 12 buds each were cut from each plant, subdivided into three portions (4 buds cutting-1), and subjected to destructive and nondestructive testing. DDestructive testing comprised determining fresh and dry weight, length, internode diameters, and percentage of starch. Nondestructive testing comprised assessing the potential for bud sprouting and shoot development. Each mother plant in the I and NI beds was considered a replicate, with a total of 360 cuttings per treatment. It was observed that cuttings from infected plants had significantly lower (P<0.05) internode diameter, length, and fresh and dry weight than those of the uninfected plants. The percentage of starch content of the cuttings did not differ significantly. All cuttings showed the same percentage (100%) of bud breaking and no changes in growth and development of seedlings regardless of source. Given these results, it was concluded that vines of ‘Paulsen 1103’ infested with ground pearl produce smaller cuttings than those of uninfected plants but with no reduction in bud break percentage or seedling development. Key words: Margarodidae, Vitaceae, insect–plant interaction, carbohydrates.
520 _a RESUMO - A pérola-da-terra, Eurhizococcus brasiliensis, tem sido considerada uma importante praga dos vinhedos no sul do Brasil, sendo que as plantas atacadas manifestam clorose foliar, redução no vigor, definhamento e morte. Este trabalho teve por objetivo avaliar a qualidade de estacas lenhosas produzidas a partir do contraste de videiras infestadas (I) e não infestadas (NI) por pérola-da-terra. Após 29 meses de cultivo em canteiros de alvenaria, em presença ou ausência de pérola-da-terra, cada planta da variedade ‘Paulsen 1103’ (Vitis berlandieri × Vitis rupestris) foi submetida à retirada de 12 ramos de ano, com no máximo 12 gemas cada, sendo subdivididos em três porções (4 gemas estaca-1) e submetidos a avaliações destrutivas e não destrutivas. As destrutivas consistiram em determinar massas fresca e seca, comprimento, diâmetro de entrenós e percentual de amido. As avaliações não destrutivas consistiram em testar o potencial de brotação e desenvolvimento das estacas. Cada planta matriz dos canteiros I e NI foi considerada uma repetição, totalizando 360 estacas por tratamento. As estacas das plantas infestadas tiveram uma redução (P<0,05), em relação às não infestadas, em diâmetro, comprimento e massas fresca e seca. Não houve contraste significativo do percentual de amido avaliado das estacas. Quanto à brotação, destaca-se que todas as estacas apresentaram o mesmo percentual (100%), independente da origem, sem alterações no desenvolvimento e crescimento das mudas. Diante desses resultados, salienta-se que videiras ‘Paulsen 1103’ infestadas por pérola-da-terra produzem estacas menores, porém não há comprometimento no percentual de brotação e desenvolvimento das mudas, quando comparadas com plantas não infestadas. Palavras-chave: Margarodidae, Vitaceae, interação insetoplanta, carboidrato.
650 _aUVA
650 _aPRAGA DE PLANTA
650 _aPÉROLA DA TERRA
650 _aDEFESA VEGETAL
773 0 _02408
_9314932
_dSanta Maria-RS Universidade Federal de Santa Maria - Centro de Ciências Rurais 1991
_o2024-1183
_tCiência Rural (Brazil)
_x0103-8478
_gv. 46(10) p. 1707-1713; (2016)
_wBR2024001782
856 _uhttps://www.scielo.br/j/cr/a/DPFTf5fk9VNB33HMShhLfLy/?format=pdf&lang=en
942 _cANA
999 _c328150
_d328150